000 00273nam a2200085Ia 4500
245 0 _aBusiness and industry. Volume 4 : Environmentalism to Graham, Katharine
100 _a Childs, William R. New York, 2004
942 _cBK
008 210818s9999 xx 000 0 und d
999 _c453413
_d453411